| 000 | 00720nam a2200253Ia 4500 | ||
|---|---|---|---|
| 003 | OSt | ||
| 005 | 20221005065955.0 | ||
| 006 | a|||||r|||| 00| 0 | ||
| 007 | ta | ||
| 008 | 221004b |||||||| |||| 00| 0 eng d | ||
| 020 | _a1879920372 | ||
| 024 | _a75008 | ||
| 037 | _cTextual | ||
| 040 |
_aCRL _cCRL _beng |
||
| 041 |
_2eng _aeng |
||
| 082 | _aO111,3(Z,5)x, P2 | ||
| 100 |
_aAsimov Isaac and others Ed. _9605162 |
||
| 245 | 0 | _aBest crime stories of the nineteenth century | |
| 260 |
_aMumbai _bJaico Publishing House India _c2002 |
||
| 300 |
_a325p _ccm. |
||
| 650 | _aENGLISH LITERATURE | ||
| 942 |
_hO111,3(Z,5)x, P2 _cTEXL _2cc |
||
| 999 |
_c975463 _d975463 |
||